Nationalités de personnes célèbres - Statistiques

Statistiques générales
  • Ce quiz a été pris 188 fois
  • Le résultat moyen est 6 sur 8
Statistiques - réponses
Célébrité Réponse % Correct
Bruce Willis Allemand
97%
Pablo Picasso Espagnol
94%
Henri Matisse Français
88%
Andy Warhol Américain
87%
Pablo Escobar Colombie
79%
Angela Merkel Allemande
75%
Arnold Schwarzenegger Autrichien
71%
Emmanuel Adebayor Togolais
30%
Aucun quiz correspondant
Distribution des résultats
% des personnes avec chaque résultat
Percentile par nombre de réponses
Votre historique - résultats
Vous n’avez pas pris ce quiz